LEADER 01102nam0 2200277 450 001 000015282 005 20080808110914.0 100 $a20080808d2003----km-y0itay50------ba 101 0 $aita 102 $aUT 105 $ay-------001yy 200 1 $a<>unione monetaria europea e il costo del capitale di rischio per le imprese quotate$fValter Lazzari, Emiliano Laruccia 210 $aRoma$d2003$gCentro stampa della Banca d'Italia 215 $a40 p.$d24 cm 225 2 $aQuaderni di Ricerche$fEnte per gli Studi monetari, bancari e finanziari Luigi Einaudi$v36 304 $aSul frontespizio "Verso un sistema bancario e finanziario europeo?" 410 0$12001$aQuaderni di Ricerche 610 1 $aUnione Europea$aPolitica monetaria 676 $a332.6424$v21 700 1$aLazzari,$bValter$0301753 701 1$aLaruccia,$bEmiliano$0382585 801 0$aIT$bUNIPARTHENOPE$c20080808$gRICA$2UNIMARC 912 $a000015282 951 $aESMO-QR 332/36$bs.i.$cNAVA1$d2008 996 $aUnione monetaria europea e il costo del capitale di rischio per le imprese quotate$9669666 997 $aUNIPARTHENOPE